[Event "I Torneo Low-cost Cape"]
[Site "Madrid ESP"]
[Date "2009.08.12"]
[Round "7.10"]
[White "Romero Jaime, Pedro"]
[Black "Bartolome Chicharro, Jesus"]
[Result "0-1"]
[WhiteElo "1737"]
[BlackElo "1823"]
[PlyCount "122"]
[EventDate "2009.08.03"]
[EventType "swiss"]
[EventRounds "8"]
[EventCountry "ESP"]
[Source "lmi"]
[SourceDate "2009.08.03"]

1. Nf3 d5 2. b4 Bg4 3. Ne5 Bh5 4. Bb2 f6 5. g4 fxe5 6. gxh5 Nd7 7. e3 e6 8. Bh3
Bxb4 9. Bxe6 Nc5 10. Bxg8 Rxg8 11. Bxe5 Qe7 12. Bb2 O-O-O 13. Qg4+ Ne6 14. Rg1
Kb8 15. Qf5 d4 16. e4 Rdf8 17. Qg4 d3 18. cxd3 Bc5 19. Rf1 Nf4 20. Qf3 Qd7 21.
d4 Bxd4 22. Nc3 Bxf2+ 23. Kd1 Nd3 24. Qe2 Nxb2+ 25. Kc2 Na4 26. Rxf2 Nxc3 27.
dxc3 Qa4+ 28. Kd2 Rxf2 29. Qxf2 Qxe4 30. Rf1 Qd5+ 31. Kc1 Qxh5 32. Qf8+ Qe8 33.
Qc5 b6 34. Qd4 Rf8 35. Rd1 Qf7 36. Rd2 h6 37. Kb2 Qf6 38. Qd7 Kb7 39. Qd3 a6
40. Qe4+ Qc6 41. Qd4 Qb5+ 42. Kc2 g5 43. Qe4+ Qc6 44. Qd4 Rf4 45. Qg7 Qf6 46.
Qd7 Qf5+ 47. Qxf5 Rxf5 48. Re2 h5 49. h3 Rf3 50. Rh2 Kc6 51. Rg2 Rxh3 52. Rxg5
h4 53. Kb3 Rh1 54. Rg6+ Kb5 55. Rg5+ c5 56. a4+ Ka5 57. Rg4 h3 58. Rb4 Rb1+ 59.
Ka3 Rxb4 60. cxb4+ cxb4+ 61. Kb3 h2 0-1

[Event "I Torneo Low-cost Cape"]
[Site "Madrid ESP"]
[Date "2009.08.12"]
[Round "7.13"]
[White "Fernandez Gil, Ruben C"]
[Black "Sierra Soria, Maria"]
[Result "0-1"]
[WhiteElo "1596"]
[BlackElo "1776"]
[PlyCount "98"]
[EventDate "2009.08.03"]
[EventType "swiss"]
[EventRounds "8"]
[EventCountry "ESP"]
[Source "lmi"]
[SourceDate "2009.08.03"]

1. d4 d5 2. c4 dxc4 3. e4 e5 4. d5 Bc5 5. Nf3 Nd7 6. Bxc4 h6 7. Nc3 Ngf6 8. O-O
O-O 9. Qd3 Qe7 10. Nh4 Nb6 11. Nf3 Bg4 12. Bb3 Rad8 13. h3 Bh5 14. Nh4 Nh7 15.
Nf5 Qf6 16. Qg3 Bg6 17. Nh4 Kh8 18. Nxg6+ fxg6 19. Be3 Nd7 20. Ba4 Bxe3 21.
Qxe3 a6 22. Bxd7 Rxd7 23. Rac1 c6 24. dxc6 Qxc6 25. Nd5 Qb5 26. Qc3 Rdf7 27.
Qxe5 Ng5 28. f4 Re8 29. Qc3 Nxe4 30. Qb3 Qxb3 31. axb3 Nd2 32. Rfd1 Nxb3 33.
Rc3 Na5 34. Rg3 Rd8 35. Nc3 Rxd1+ 36. Nxd1 Rxf4 37. Rxg6 Rd4 38. Ne3 Nc6 39.
Nf5 Rd7 40. Kh2 Kh7 41. Re6 Rd2 42. Nd6 Nd8 43. Nc4 Rxg2+ 44. Kxg2 Nxe6 45. b4
Nf4+ 46. Kg3 Nd3 47. b5 axb5 48. Nd6 b4 49. Nxb7 b3 0-1

[Event "I Torneo Low-cost Cape"]
[Site "Madrid ESP"]
[Date "2009.08.12"]
[Round "7.15"]
[White "Garcia-Ines Sanchez, Gustavo"]
[Black "Fariñas Lucas, Juan Antonio"]
[Result "1-0"]
[WhiteElo "1793"]
[BlackElo "1772"]
[PlyCount "61"]
[EventDate "2009.08.03"]
[EventType "swiss"]
[EventRounds "8"]
[EventCountry "ESP"]
[Source "lmi"]
[SourceDate "2009.08.03"]

1. e4 c5 2. Nf3 Nc6 3. Bb5 d6 4. O-O Bd7 5. c3 a6 6. Ba4 Nf6 7. Re1 e5 8. h3
Be7 9. d4 exd4 10. cxd4 cxd4 11. Nxd4 O-O 12. Nc3 Ne5 13. Nf5 Bxf5 14. exf5 Qc8
15. Bc2 Qc7 16. Bg5 Rac8 17. Rc1 Qd7 18. Bxf6 Bxf6 19. Nd5 Bg5 20. f4 f6 21.
fxg5 fxg5 22. Nb6 Qb5 23. Nxc8 Rxc8 24. Bb3+ Nc4 25. Bxc4+ Rxc4 26. Rxc4 Qxc4
27. Qb3 Qxb3 28. axb3 Kf7 29. g4 Kf6 30. Re6+ Kf7 31. Rxd6 1-0

[Event "I Torneo Low-cost Cape"]
[Site "Madrid ESP"]
[Date "2009.08.13"]
[Round "8.2"]
[White "Ventas Cosano, David"]
[Black "Rodriguez De Castro, Ayar"]
[Result "0-1"]
[WhiteElo "2148"]
[BlackElo "2084"]
[PlyCount "90"]
[EventDate "2009.08.03"]
[EventType "swiss"]
[EventRounds "8"]
[EventCountry "ESP"]
[Source "lmi"]
[SourceDate "2009.08.03"]

1. Nf3 Nf6 2. g3 d5 3. Bg2 c6 4. O-O Nbd7 5. d4 g6 6. c3 Bg7 7. Nbd2 O-O 8. e4
dxe4 9. Ng5 Nb6 10. Ndxe4 Nbd5 11. Nxf6+ Nxf6 12. Re1 h6 13. Ne4 Nxe4 14. Bxe4
Qb6 15. Qc2 Bh3 16. Be3 Qc7 17. Bf4 Qd7 18. Rad1 e6 19. Qb3 Bg4 20. f3 Bf5 21.
Bxf5 exf5 22. Be5 Rad8 23. Bxg7 Kxg7 24. Re5 Rfe8 25. Rde1 b6 26. Qc4 Rxe5 27.
Rxe5 Re8 28. Rxe8 Qxe8 29. Kf2 Qe6 30. Qa6 f4 31. gxf4 Qh3 32. b4 Qxh2+ 33. Ke3
Qg1+ 34. Ke2 Qg2+ 35. Ke3 Qc2 36. Qc4 Qc1+ 37. Ke2 Qc2+ 38. Ke3 h5 39. Qxc6 h4
40. Qc8 Qc1+ 41. Ke4 Qe1+ 42. Kd3 Qf1+ 43. Ke3 h3 44. Qc7 Qe1+ 45. Kd3 h2 0-1

[Event "I Torneo Low-cost Cape"]
[Site "Madrid ESP"]
[Date "2009.08.13"]
[Round "8.3"]
[White "Baeza Escudero, Javier"]
[Black "Martin Mazuelo, Miguel Angel"]
[Result "1/2-1/2"]
[WhiteElo "1946"]
[BlackElo "1929"]
[PlyCount "163"]
[EventDate "2009.08.03"]
[EventType "swiss"]
[EventRounds "8"]
[EventCountry "ESP"]
[Source "lmi"]
[SourceDate "2009.08.03"]

1. e4 c5 2. Nf3 e6 3. d4 cxd4 4. Nxd4 Qb6 5. Be3 Bc5 6. c3 Nc6 7. b4 Bxd4 8.
Bxd4 Nxd4 9. Qxd4 Qxd4 10. cxd4 Ne7 11. Nc3 O-O 12. Rd1 d5 13. exd5 exd5 14.
Bb5 Be6 15. O-O Rfc8 16. Rc1 a6 17. Be2 Nc6 18. Rfd1 Nxb4 19. a3 Nc6 20. Na4
Rab8 21. Nb6 Rd8 22. Rc5 Ne7 23. Bf3 Rd6 24. Rb1 Nf5 25. Nxd5 Nxd4 26. Be4 f5
27. Ne7+ Kf7 28. Nxf5 Nxf5 29. Bxf5 Bxf5 30. Rxf5+ Ke6 31. g4 Ke7 32. Rb3 b5
33. Rc5 Rb7 34. Kg2 Rdb6 35. Kg3 Kd6 36. Rg5 Ke6 37. f4 Kf7 38. Re5 Re6 39. Rc5
Rbe7 40. Kf3 Rd6 41. h4 Red7 42. Ke4 Rd1 43. Re3 Re7+ 44. Re5 Rxe5+ 45. Kxe5
Rd7 46. Rc3 Rb7 47. Kd5 a5 48. Kc6 Rb8 49. Rb3 b4 50. axb4 Rxb4 51. Rf3 a4 52.
Kd5 Rb3 53. Rf2 a3 54. Ra2 Kf6 55. Ke4 Ke6 56. f5+ Kd6 57. Kf4 Rd3 58. Kg5 Rf3
59. h5 Ke7 60. h6 Kf7 61. Rh2 Rb3 62. hxg7 Kxg7 63. f6+ Kg8 64. Ra2 Kf7 65. Kf5
Rb5+ 66. Kf4 Ra5 67. g5 Kg6 68. Ke4 Rxg5 69. Rxa3 Kxf6 70. Ra6+ Kg7 71. Kf4 Rg1
72. Kf3 h5 73. Kf2 Rg5 74. Ra3 Kf6 75. Rg3 Rb5 76. Kg2 Kf5 77. Rg8 Rb3 78. Kh2
Kf4 79. Rg7 Rb2+ 80. Kh3 Rb1 81. Rf7+ Kg5 82. Rg7+ 1/2-1/2

[Event "I Torneo Low-cost Cape"]
[Site "Madrid ESP"]
[Date "2009.08.13"]
[Round "8.4"]
[White "Lorente Manzanarez, Luis Santia"]
[Black "Tejedor Ariza, Francisco"]
[Result "0-1"]
[WhiteElo "1924"]
[BlackElo "2170"]
[PlyCount "136"]
[EventDate "2009.08.03"]
[EventType "swiss"]
[EventRounds "8"]
[EventCountry "ESP"]
[Source "lmi"]
[SourceDate "2009.08.03"]

1. d4 Nf6 2. c4 c5 3. d5 b5 4. cxb5 a6 5. bxa6 Bxa6 6. Nc3 d6 7. Nf3 g6 8. e4
Bxf1 9. Kxf1 Bg7 10. g3 O-O 11. Kg2 Nfd7 12. Qc2 Na6 13. a3 Qc7 14. Be3 Nb6 15.
Rab1 Rfb8 16. Nd2 Rb7 17. Rhc1 Nc8 18. Nc4 Rab8 19. Qd2 Na7 20. Bh6 Bh8 21. Na2
Nb5 22. Qa5 Qxa5 23. Nxa5 Nxa3 24. Nxb7 Nxb1 25. Nxc5 Nxc5 26. b4 Nxe4 27. Rxb1
Nf6 28. Rd1 Ng4 29. Bg5 f6 30. Be3 f5 31. h3 Ne5 32. Rc1 Nd3 33. Rc7 Kf7 34.
Bg5 Bf6 35. Bxf6 Kxf6 36. Rc3 Nxb4 37. Rb3 Na6 38. Rxb8 Nxb8 39. f4 e6 40. dxe6
Kxe6 41. Nb4 Nd7 42. Kf3 Nf6 43. g4 d5 44. Nc6 Kd6 45. Nd4 Kc5 46. g5 Nh5 47.
Ne6+ Kc4 48. Ke3 d4+ 49. Nxd4 Nxf4 50. Nxf5 Nxh3 51. Nd6+ Kd5 52. Ne4 Ke5 53.
Kf3 Kf5 54. Nd6+ Kxg5 55. Ne4+ Kh4 56. Nf6 h5 57. Kg2 Nf4+ 58. Kf3 g5 59. Nh7
Nd5 60. Nxg5 Kxg5 61. Kg3 h4+ 62. Kh2 Kg4 63. Kg2 Nf4+ 64. Kh2 h3 65. Kg1 Kg3
66. Kh1 Nd3 67. Kg1 h2+ 68. Kh1 Nf2# 0-1

[Event "I Torneo Low-cost Cape"]
[Site "Madrid ESP"]
[Date "2009.08.13"]
[Round "8.5"]
[White "Caballero Gallego, Luis"]
[Black "Rodriguez Ballespin, Daniel"]
[Result "1-0"]
[WhiteElo "1908"]
[BlackElo "1937"]
[PlyCount "45"]
[EventDate "2009.08.03"]
[EventType "swiss"]
[EventRounds "8"]
[EventCountry "ESP"]
[Source "lmi"]
[SourceDate "2009.08.03"]

1. e4 c6 2. c4 d5 3. cxd5 cxd5 4. exd5 Qxd5 5. Nc3 Qd8 6. d4 Nf6 7. Bc4 e6 8.
Nf3 Be7 9. O-O O-O 10. Bf4 a6 11. Rc1 b5 12. Bd3 Bb7 13. Qe2 Nc6 14. Rfd1 Nb4
15. Bb1 Nbd5 16. Bg3 Rc8 17. Ne5 Nxc3 18. bxc3 Ba3 19. Rc2 Be4 20. Bh4 Bxc2 21.
Qxc2 Re8 22. Bxf6 gxf6 23. Qxh7+ 1-0

[Event "I Torneo Low-cost Cape"]
[Site "Madrid ESP"]
[Date "2009.08.13"]
[Round "8.6"]
[White "Bartolome Chicharro, Jesus"]
[Black "Lucas Garcia, Pedro"]
[Result "0-1"]
[WhiteElo "1823"]
[BlackElo "1907"]
[PlyCount "58"]
[EventDate "2009.08.03"]
[EventType "swiss"]
[EventRounds "8"]
[EventCountry "ESP"]
[Source "lmi"]
[SourceDate "2009.08.03"]

1. e4 c5 2. Nf3 e6 3. d4 cxd4 4. Nxd4 Nc6 5. Be2 Nf6 6. Nc3 Bb4 7. f3 Qa5 8.
Ndb5 O-O 9. Bd2 d5 10. a3 Bxc3 11. Nxc3 Qb6 12. exd5 exd5 13. Na4 Qd4 14. c3
Qe5 15. O-O a6 16. Kh1 Qc7 17. Bd3 b5 18. Nc5 Na5 19. b4 Nb7 20. Nxb7 Bxb7 21.
a4 Bc6 22. Qc2 h6 23. Be3 bxa4 24. Rfe1 Bb5 25. Bf5 Rfe8 26. Qf2 Re5 27. Bc2
Rae8 28. Bd4 Re2 29. Qh4 g5 0-1

[Event "I Torneo Low-cost Cape"]
[Site "Madrid ESP"]
[Date "2009.08.13"]
[Round "8.7"]
[White "Romero Haro, Florentino"]
[Black "Tolosana Esteban, Enrique"]
[Result "1-0"]
[WhiteElo "1874"]
[BlackElo "1861"]
[PlyCount "45"]
[EventDate "2009.08.03"]
[EventType "swiss"]
[EventRounds "8"]
[EventCountry "ESP"]
[Source "lmi"]
[SourceDate "2009.08.03"]

1. e4 c5 2. c3 d5 3. exd5 Qxd5 4. d4 cxd4 5. cxd4 Nc6 6. Nf3 e6 7. a3 Nf6 8.
Nc3 Qa5 9. Bd3 a6 10. O-O Nb4 11. axb4 Qxa1 12. Qb3 Bxb4 13. Qxb4 b6 14. Qxb6
Nd7 15. Qc6 Rb8 16. Bf4 Qxb2 17. Rb1 Bb7 18. Qxd7+ Kxd7 19. Rxb2 Rhc8 20. Na4
e5 21. Nb6+ Kd8 22. Nxc8 exf4 23. Nd6 1-0

[Event "I Torneo Low-cost Cape"]
[Site "Madrid ESP"]
[Date "2009.08.13"]
[Round "8.9"]
[White "Gormaz Lietor, Andres Miguel"]
[Black "Sierra Soria, Maria"]
[Result "1-0"]
[WhiteElo "1825"]
[BlackElo "1776"]
[PlyCount "63"]
[EventDate "2009.08.03"]
[EventType "swiss"]
[EventRounds "8"]
[EventCountry "ESP"]
[Source "lmi"]
[SourceDate "2009.08.03"]

1. e4 e5 2. Nf3 Nf6 3. Nxe5 d6 4. Nf3 Nxe4 5. c4 Be7 6. d4 O-O 7. Bd3 Ng5 8.
Nxg5 Bxg5 9. Qh5 h6 10. O-O Bxc1 11. Rxc1 Nc6 12. Nc3 Nxd4 13. Qd5 Ne6 14. Re1
Nf4 15. Qe4 Nxd3 16. Qxd3 Be6 17. Rad1 Re8 18. Re4 Qd7 19. Rd4 Bf5 20. Qg3 Qe6
21. h3 a6 22. Nd5 Rac8 23. Qb3 b5 24. cxb5 axb5 25. Qg3 Qe5 26. Qb3 Be6 27. Qc2
Qg5 28. h4 Qe5 29. Re4 Qh5 30. Nf4 Qf5 31. f3 Bc4 32. Rxe8+ 1-0

[Event "I Torneo Low-cost Cape"]
[Site "Madrid ESP"]
[Date "2009.08.13"]
[Round "8.10"]
[White "Ananian, Arman"]
[Black "Romero Jaime, Pedro"]
[Result "0-1"]
[WhiteElo "1790"]
[BlackElo "1737"]
[PlyCount "116"]
[EventDate "2009.08.03"]
[EventType "swiss"]
[EventRounds "8"]
[EventCountry "ESP"]
[Source "lmi"]
[SourceDate "2009.08.03"]

1. e4 c5 2. Nf3 e6 3. d4 cxd4 4. Nxd4 Nf6 5. Nc3 d6 6. f3 a6 7. Bg5 Be7 8. Be2
Nc6 9. Nb3 b5 10. a3 O-O 11. O-O Bb7 12. Kh1 h6 13. Bh4 Rc8 14. Nd4 Ne5 15. Bg3
Nc4 16. Bxc4 Rxc4 17. Nde2 d5 18. b3 Rc8 19. exd5 exd5 20. a4 b4 21. Na2 a5 22.
c3 Ba6 23. cxb4 axb4 24. Re1 Bc5 25. Nec1 Nh5 26. Qd2 Nxg3+ 27. hxg3 Qf6 28.
Ne2 Rfe8 29. Ng1 Qb6 30. Nh3 Bb7 31. Rac1 d4 32. Qc2 Bd6 33. Rxe8+ Rxe8 34. Qf2
Ba6 35. Ng1 Re3 36. Re1 Rxb3 37. Re8+ Bf8 38. Qc2 Rd3 39. Ra8 b3 40. Qb2 Qc6
41. Rxf8+ Kxf8 42. Nb4 Qxa4 43. Nxd3 Bxd3 44. Qc1 Bc2 45. Qf4 Qb4 46. Qc7 Qe7
47. Qc8+ Qe8 48. Qc5+ Kg8 49. Qxd4 Qb8 50. Qb2 Qa7 51. Qe5 Kh7 52. Ne2 Qa3 53.
Nc3 Qa1+ 54. Kh2 b2 55. Ne4 Bxe4 56. fxe4 Qa2 57. Qf5+ g6 58. Qf6 b1=Q 0-1

[Event "I Torneo Low-cost Cape"]
[Site "Madrid ESP"]
[Date "2009.08.13"]
[Round "8.11"]
[White "Zuazua Conde, Ivan Javier"]
[Black "Sierra Bermejo, Gregorio"]
[Result "0-1"]
[WhiteElo "1442"]
[BlackElo "1763"]
[PlyCount "79"]
[EventDate "2009.08.03"]
[EventType "swiss"]
[EventRounds "8"]
[EventCountry "ESP"]
[Source "lmi"]
[SourceDate "2009.08.03"]

1. d4 Nf6 2. c4 e5 3. dxe5 Ng4 4. Nc3 Nxe5 5. e3 Bb4 6. Qb3 Nbc6 7. Be2 d6 8.
a3 Bxc3+ 9. Qxc3 f6 10. Nf3 Be6 11. Nd4 Bf7 12. Bd2 Qd7 13. Qc2 Bg6 14. Qb3 b6
15. Qd1 h5 16. Qb3 Bf7 17. Qc2 g6 18. Rc1 Rb8 19. b4 Nxd4 20. exd4 Ng4 21. Qe4+
Kf8 22. Qd3 Re8 23. O-O Kg7 24. Rfe1 d5 25. c5 b5 26. Qxb5 c6 27. Qd3 Qc7 28.
g3 Qd7 29. Bf1 Be6 30. a4 h4 31. Bg2 hxg3 32. hxg3 Rh2 33. f3 Reh8 34. fxg4
Bxg4 35. b5 Bf5 36. Qe3 Rxg2+ 37. Kxg2 Be4+ 38. Kf1 Rh2 39. g4 Qxg4 40. Qg1 0-1

[Event "I Torneo Low-cost Cape"]
[Site "Madrid ESP"]
[Date "2009.08.13"]
[Round "8.13"]
[White "Cepas Castillo, Juan Carlos"]
[Black "Fernandez Gil, Ruben C"]
[Result "0-1"]
[WhiteElo "1618"]
[BlackElo "1596"]
[PlyCount "52"]
[EventDate "2009.08.03"]
[EventType "swiss"]
[EventRounds "8"]
[EventCountry "ESP"]
[Source "lmi"]
[SourceDate "2009.08.03"]

1. e4 e6 2. d4 d5 3. exd5 exd5 4. Nf3 Bd6 5. Bd3 Ne7 6. Bg5 Nbc6 7. h3 O-O 8.
c3 Be6 9. Nbd2 Qd7 10. Qc2 h6 11. Be3 Nf5 12. O-O-O Nxe3 13. fxe3 Ne7 14. g4 c5
15. Rdg1 c4 16. Be2 b5 17. e4 a5 18. e5 Bc7 19. g5 h5 20. Nh4 g6 21. Rg3 Nf5
22. Nxf5 Bxf5 23. Qd1 b4 24. Bxh5 gxh5 25. Qxh5 Qa4 26. g6 Qc2# 0-1